El juego de la mentira (Record no. 15306)

MARC details
000 -LEADER
campo de control de longitud fija 01009nam a2200289 i 4500
001 - NÚMERO DE CONTROL
campo de control 15306
003 - IDENTIFICADOR DE NÚMERO DE CONTROL
campo de control ES-MaACL
005 - FECHA Y HORA DE LA ÚLTIMA TRANSACCIÓN
campo de control 20250830225828.0
007 - CAMPO FIJO DE DESCRIPCIÓN FÍSICA--INFORMACIÓN GENERAL
campo de control de longitud fija t|
008 - DATOS DE LONGITUD FIJA--INFORMACIÓN GENERAL
campo de control de longitud fija 000214s1999 sp |||| | spa j
020 ## - NÚMERO INTERNACIONAL ESTÁNDAR DEL LIBRO
Número Internacional Estándar del Libro 84-89753-28-8
080 ## - NÚMERO DE LA CLASIFICACIÓN DECIMAL UNIVERSAL
Número de la Clasificación Decimal Universal 949.71"1991/95"
080 ## - NÚMERO DE LA CLASIFICACIÓN DECIMAL UNIVERSAL
Número de la Clasificación Decimal Universal 327(73)"1945/.."
080 ## - NÚMERO DE LA CLASIFICACIÓN DECIMAL UNIVERSAL
Número de la Clasificación Decimal Universal 327(430)"1990/.."
100 1# - ENTRADA PRINCIPAL--NOMBRE DE PERSONA
Nombre de persona Collon, Michel.
9 (RLIN) 39753
245 13 - MENCIÓN DEL TÍTULO
Título El juego de la mentira
Resto del título : las grandes potencias, Yugoslavia, la OTAN y las próximas guerras /
Mención de responsabilidad, etc. Michel Collon ; traducción, Eva Sastre Forest.
260 ## - PUBLICACIÓN, DISTRIBUCIÓN, ETC.
Lugar de publicación, distribución, etc. Hondarribia :
Nombre del editor, distribuidor, etc. Hiru,
Fecha de publicación, distribución, etc. [1999]
300 ## - DESCRIPCIÓN FÍSICA
Extensión 479 p. :
Otras características físicas il. ;
Dimensiones 17 cm.
490 1# - MENCIÓN DE SERIE
Mención de serie Las otras voces ;
Designación de volumen o secuencia 5
650 #7 - PUNTO DE ACCESO ADICIONAL DE MATERIA--TÉRMINO DE MATERIA
Término de materia o nombre geográfico como elemento de entrada Guerra de Yugoslavia, 1991-1995
Fuente del encabezamiento o término embne
9 (RLIN) 13195
651 #7 - PUNTO DE ACCESO ADICIONAL DE MATERIA--NOMBRE GEOGRÁFICO
Nombre geográfico Estados Unidos-
Subdivisión general Política exterior-
Subdivisión cronológica 1945-1989
Fuente del encabezamiento o término
9 (RLIN) 165138
651 #4 - PUNTO DE ACCESO ADICIONAL DE MATERIA--NOMBRE GEOGRÁFICO
Nombre geográfico Alemania-
Subdivisión general Política exterior-
Subdivisión cronológica 1990-
9 (RLIN) 7667
700 1# - ENTRADA AGREGADA--NOMBRE PERSONAL
Nombre de persona Sastre Forest, Eva.
9 (RLIN) 103928
830 0# - PUNTO DE ACCESO ADICIONAL DE SERIE-TÍTULO UNIFORME
Título uniforme Las otras voces ;
Designación de volumen o secuencia 5
9 (RLIN) 179741
852 ## - LOCALIZACIÓN
Ubicación ES-MaACL
Número de control de estantería L-22616
Holdings
Estatus retirado Estado de pérdida Estado de daño No para préstamo Biblioteca de origen Biblioteca actual Ubicación en estantería Fecha de adquisición Fuente de adquisición Total de préstamos Signatura topográfica completa Código de barras Visto por última vez Precio de reemplazo Tipo de ítem Koha
        Biblioteca del Ateneo de Madrid Biblioteca del Ateneo de Madrid Depósito 2 17/01/2008     L-22616 1015563 23/02/2023 23/02/2023 Libro impreso